• 首页
  • 本馆介绍
  • 公告通知
  • 最新文献
  • 馆藏检索
  • 电子资源
  • 读者导购
  • 参考咨询
  • 我的图书馆
  • 登录
  • 详细信息显示
  • 放入我的书架
  • 预约/预借图书
  • 作者相关作品
  • 分类相关作品
  • 丛书相关作品
  • 出版社相关作品

书目信息

  • 表格格式
  • 工作单格式
  • 卡片格式
书名: International economics
作者: Robert M. Dunn, Jr., James C. Ingram.
分册号:
分册名:
出版地: New York :
 
出版社: Wiley
出版时间: c1996.
页数: xiii, 559 p. :
开本: 24 cm.
丛书名:
中图分类号:
科图分类号:
其他分类号: F06
主题词:
电子资源: http://www.loc.gov/catdir/toc/onix01/95036677.html      http://www.loc.gov/catdir/description/wiley037/95036677.html     
000 01216pam a2200325 a 450
001 E0740288833
005 20070429111220.45
008 950801s1996 nyua b 001 0 eng
010    @a95036677
020    @a0471116696 (cloth : acid-free paper).
035    @A(DLC) 95036677
040    @aDLC@cDLC@dDLC
050 00 @aHF1359@b.D86 1996
082 00 @a337@2 20
090    @aF06
099    @dF06@ex28=4
100 1  @aDunn, Robert M.
245 10 @aInternational economics / @cRobert M. Dunn, Jr., James C. Ingram.
250    @a4th ed.
260    @aNew York :@bWiley,@cc1996.
300    @axiii, 559 p. :@bill. ;@c24 cm.
500    @aAuthors’ names in reverse order in previous ed.
504    @aIncludes bibliographical references and index.
650  0 @aInternational economic relations.
700 1  @aIngram, James C.
856 4  @3 Table of Contents@uhttp://www.loc.gov/catdir/toc/onix01/95036677.html
856 42 @3 Publisher description@uhttp://www.loc.gov/catdir/description/wiley037/95036677.html
906    @a7@bcbc@corignew@d1@eocip@f19@gy-gencatlg
955    @ase42 07-31-95/se01; se05 08-01-95; CIP ver. pv07 05-10-96
991    @bc-GenColl@hHF1359@i.D86 1996@p00013993786@tCopy 1@wBOOKS
    
    International economics / / Robert M. Dunn, Jr., James C. Ingram.-4th ed.-New York : : Wiley, , c1996.
    xiii, 559 p. : : ill. ; ; 24 cm.
    Authors’ names in reverse order in previous ed.-Includes bibliographical references and index.
    
    ISBN 0471116696 (cloth : acid-free paper).
    
●
相关链接 在E读中查询图书 在五车中查询图书 在当当中查询图书 在豆瓣中查询图书


正题名:International economics     索取号:F06/x28=4         预约/预借

序号 登录号 条形码 馆藏地/架位号 状态 备注
1 6126   300061260   第二样本阅览室/ [索取号:F06/x28=4] 在馆    
2 6127   300061279   第四借阅区/ [索取号:F06/x28=4] 在馆    
3 6128   300061288   第四借阅区/ [索取号:F06/x28=4] 在馆    
4 6129   300061297   第四借阅区/ [索取号:F06/x28=4] 在馆    
唐山师范学院图书馆 欢迎您!
大连网信软件有限公司© 版权所有